000 00541nam a2200193 4500
999 _c4332
_d4332
001 5170
005 20190920121045.0
008 190920b ||||| |||| 00| 0 eng d
020 0 0 _a9789993682103
090 0 0 _a895.1 T313y 2013
245 0 0 _aགཡག་ཁམས་པ།
_cSonam Tenzing.
260 0 0 _aThimphu :
_bKom's Book House,
_c2013.
300 0 0 _a79 p. ; 22 cm.
650 _aChildren's literature.
650 0 0 _aBhutan --Fiction.
650 0 0 _aBhutan --Juvenile literature.
650 0 0 _aTales Bhutan.
942 _2ddc
_cDZONGKHA